| 000 | 00794nas a2200217 i 4500 | ||
|---|---|---|---|
| 001 | 2922 | ||
| 003 | ES-MaACL | ||
| 005 | 20250814224220.0 | ||
| 007 | t| | ||
| 008 | 051222d17981804fr a| | 0 ||re d | ||
| 022 | _a9944-4585 | ||
| 245 | 0 | 0 |
_aMémoires de l'Institut National des Sciences et Arts. _pSciences morales et politiques. |
| 260 |
_aParis : _bBaudouin, _c[1798-1804] |
||
| 300 |
_a3 v. con h. de grab ; _c25 cm. |
||
| 362 | 0 | _aT. 1 (Thermidor an VI de le République [1798])-t. 5 -fructidor an XII [1804] | |
| 500 | _aEn tít. de v. 1 consta: Mémoires... pour l'an IV de la République. | ||
| 650 | 1 | 7 |
_aCiencias sociales _2embne _910988 |
| 852 |
_aES-MaACL _jR-3449-51 |
||
| 866 | 0 | _o1798-1801.(v.1:año 6[1798], v.2.:año 7[1799], v.3:año 9[1801]) | |
| 999 |
_c2922 _d2922 |
||